[Event "Chigorin Memorial 27th"]
[Site "St Petersburg"]
[Date "2019.10.05"]
[Round "1"]
[White "Andreeva, Anastasiia"]
[Black "Zhukov, Anton"]
[Result "0-1"]
[WhiteElo "1691"]
[BlackElo "2178"]
[PlyCount "72"]
[EventDate "2019.10.05"]
[EventType "swiss"]
[EventRounds "9"]
[EventCountry "RUS"]
[SourceTitle "EXT 2020"]
[Source "ChessBase"]
[SourceDate "2019.10.17"]
[SourceVersion "1"]
[SourceVersionDate "2019.10.17"]
[SourceQuality "1"]

1. c4 Nf6 2. Nc3 g6 3. g3 Bg7 4. Bg2 0-0 5. d4 d6 6. e3 Nbd7 7. Nge2 e5 8. 0-0 c6 9. b3 Re8 10. Qc2 Nf8 11. d5 c5 12. Bb2 a6 13. a4 b6 14. Rae1 Nh5 15. e4 f5 16. f3 Bh6 17. Bc1 f4 18. g4 Ng7 19. Rd1 Bg5 20. Bd2 h5 21. h3 Nh7 22. Nc1 Bh4 23. Be1 hxg4 24. hxg4 Bg3 25. Bxg3 fxg3 26. Bh3 Qh4 27. Kg2 Ng5 28. Rh1 Nh5 29. N3e2 Ra7 30. Qd2 Rh7 31. Qe1 Nf4+ 32. Nxf4 exf4 33. Ne2 Nxh3 34. Ng1 Bxg4 35. fxg4 f3+ 36. Nxf3 Nf4+ 0-1

[Event "RUS-chT U14 Girls"]
[Site "Sochi"]
[Date "2017.05.04"]
[Round "3.1"]
[White "Lysokon, Polina"]
[Black "Andreeva, Anastasiia"]
[Result "1-0"]
[WhiteElo "1610"]
[BlackElo "1598"]
[PlyCount "147"]
[EventDate "2017.05.01"]
[EventType "team-tourn"]
[EventRounds "7"]
[EventCountry "RUS"]
[SourceTitle "CBM 178 Extra"]
[Source "ChessBase"]
[SourceDate "2017.06.22"]
[SourceVersion "1"]
[SourceVersionDate "2017.06.22"]
[SourceQuality "1"]

1. e4 e6 2. d4 d5 3. Nd2 c5 4. c3 Nc6 5. Ngf3 Nf6 6. e5 Nd7 7. Bd3 Qb6 8. Qa4 cxd4 9. cxd4 Qb4 10. Qxb4 Nxb4 11. Bb1 Nb6 12. 0-0 Bd7 13. a3 Nc6 14. b4 Be7 15. Bd3 0-0 16. Nb3 Na4 17. Rb1 a6 18. Bd2 Na7 19. Nc5 Bc6 20. Bc2 Nb6 21. Bc1 Nb5 22. Rb3 Nc4 23. a4 Nc7 24. Rb1 Bxc5 25. bxc5 Rab8 26. Nd2 b5 27. cxb6 Rxb6 28. Rxb6 Nxb6 29. Ba3 Rc8 30. a5 Nd7 31. f4 Nb5 32. Bb2 g6 33. g4 Bb7 34. Bd3 Nb8 35. f5 Rf8 36. Nb3 Nd7 37. h4 Kh8 38. fxe6 fxe6 39. Rxf8+ Nxf8 40. Nc5 Bc8 41. Bxb5 axb5 42. a6 Nd7 43. a7 Nb6 44. Bc3 Na8 45. Ba5 Kg8 46. Kf2 Kf7 47. Ke3 Ke7 48. Kd3 Bd7 49. Nxd7 Kxd7 50. Kc3 h5 51. g5 Kc6 52. Kb4 Kb7 53. Kxb5 Kxa7 54. Kc6 Ka6 55. Bd8 Nb6 56. Kd6 Nc4+ 57. Kxe6 Ne3 58. Kf6 Nf5 59. e6 Kb7 60. e7 Nd6 61. Kxg6 Kc6 62. Kxh5 Kd7 63. g6 Ke8 64. Kg5 Ne4+ 65. Kf5 Ng3+ 66. Ke5 Nh5 67. Kxd5 Nf4+ 68. Ke4 Nxg6 69. h5 Nh8 70. d5 Nf7 71. Kf5 Nd6+ 72. Ke6 Nf7 73. h6 Nh8 74. d6 1-0